Statystyki dla Jeśli Nie Wiesz To Oznacza Że Musisz Jeszcze Się Pouczyć z Geografii

Kliknij tutaj aby rozwiązać quiz!

Ogólne statystyki

  • Ten quiz został rozwiązany 61 razy
    (34 od ostatniego zresetowania)
  • Średni wynik to 9 z 10

Statystyki odpowiedzi

HintOdpowiedź% Poprawnych
Aktualny Prezydent PolskiAndrzej Duda
100%
Pierwsza Stolica PolskiGniezno
100%
Państwo z największą populacjąChiny
97%
Pierwszy władca PolskiMieszko 1
97%
Kraj z Największą liczbą bomb nuklearnychRosja
97%
Największy KontynentAzja
93%
Pierwszy król PolskiBolesław 3 chrobry
83%
Liczba Państw na świecie196
76%
Pokonał turków pod WiedńiemJan 3 Sobieski
62%
Państwo które ma najwięcej PiramidSudan
48%

Rozkład punktacji

Percentyl według liczby udzielonych odpowiedzi

Procent ludzi z każdym wynikiem

Twoja historia wyników

Nie rozwiązałeś tego quizu od ostatniego zresetowania